Southville International School and Colleges
Your cart is empty.
  • Cart
  • Lists
    Public lists Eva Luna New books Lux_list list_1
    Your lists Log in to create your own lists
  • Log in to your account
  • Your cookies
  • Search history
Southville International School and Colleges
  • Advanced search
  • Recent comments
  • Most popular
  • Libraries

Log in to your account

Log in with GOOGLE


If you do not have an external account, but do have a local account, you can still log in:

  1. Home
  2. MARC view: Tickling the English :
Normal view MARC view ISBD view

Tickling the English : (Record no. 344773)

[ view plain ]
MARC details
000 -LEADER
fixed length control field 00721nam a2200277Ia 4500
008 - FIXED-LENGTH DATA ELEMENTS--GENERAL INFORMATION
fixed length control field 171025s9999 xx 000 0 und d
020 ## - INTERNATIONAL STANDARD BOOK NUMBER
International Standard Book Number 9780141046662
050 ## - LIBRARY OF CONGRESS CALL NUMBER
Classification number 942
050 ## - LIBRARY OF CONGRESS CALL NUMBER
Item number OB13 2010
100 ## - MAIN ENTRY--PERSONAL NAME
Personal name O'Briain, Dara
245 ## - TITLE STATEMENT
Title Tickling the English :
245 ## - TITLE STATEMENT
Remainder of title a funny man's notes on a country and it's people /
245 ## - TITLE STATEMENT
Statement of responsibility, etc by Dara O'Brian.
260 ## - PUBLICATION, DISTRIBUTION, ETC. (IMPRINT)
Place of publication, distribution, etc New York :
260 ## - PUBLICATION, DISTRIBUTION, ETC. (IMPRINT)
Name of publisher, distributor, etc Penguin Books,
260 ## - PUBLICATION, DISTRIBUTION, ETC. (IMPRINT)
Date of publication, distribution, etc 2010
300 ## - PHYSICAL DESCRIPTION
Extent 310 pages :
300 ## - PHYSICAL DESCRIPTION
Other physical details illustrations ;
300 ## - PHYSICAL DESCRIPTION
Dimensions 20cm.
650 ## - SUBJECT ADDED ENTRY--TOPICAL TERM
Topical term or geographic name as entry element England --
650 ## - SUBJECT ADDED ENTRY--TOPICAL TERM
Topical term or geographic name as entry element Manners and customs.
650 ## - SUBJECT ADDED ENTRY--TOPICAL TERM
Topical term or geographic name as entry element National characteristics, English --
650 ## - SUBJECT ADDED ENTRY--TOPICAL TERM
General subdivision Humor.
650 ## - SUBJECT ADDED ENTRY--TOPICAL TERM
General subdivision Social life and customs.
700 ## - ADDED ENTRY--PERSONAL NAME
Personal name Title.
Holdings
Withdrawn status Lost status Damaged status Home library Current library Date acquired Total Checkouts Full call number Barcode Date last seen Price effective from Koha item type
      Stonyhurst Southville International School (Malarayat) Stonyhurst Southville International School (Malarayat) 10/25/2017   SHS 942 OB13 2010 SSISM3826 10/25/2017 10/25/2017 Books

Tickling the English :

APA

O'Briain D., Title, .Tickling the English. New York: .

Chicago

O'Briain Dara, Title, .Tickling the English. New York: .

Harvard

O'Briain D., Title, .Tickling the English. New York: .

MLA

O'Briain Dara, Title, .New York: . .

  • Place hold
  • Print
  • Cite
  • Add to your cart (remove)
  • Save record
    BIBTEX Dublin Core MARCXML MARC (non-Unicode/MARC-8) MARC (Unicode/UTF-8) MARC (Unicode/UTF-8, Standard) MODS (XML) RIS
  • More searches
    Search for this title in:
    Other Libraries (WorldCat) Other Databases (Google Scholar) Online Stores (Bookfinder.com) Open Library (openlibrary.org)

Exporting to Dublin Core...

SOUTHVILLE LIBRARY

Southville International School and Colleges Library

1281 Tropical Ave. Cor. Luxembourg St., BF Homes International, Las Pinas City

Tel. No. 8256374 / 252358 Loc. 117/146

Powered by Koha